Ensayos sobre la teoría de los precios / (Record no. 148078)

MARC details
000 -LEADER
campo de control de longitud fija 01023nam a2200265 i 4500
001 - NÚMERO DE CONTROL
campo de control 148078
003 - IDENTIFICADOR DE NÚMERO DE CONTROL
campo de control ES-MaACL
005 - FECHA Y HORA DE LA ÚLTIMA TRANSACCIÓN
campo de control 20250815082421.0
007 - CAMPO FIJO DE DESCRIPCIÓN FÍSICA--INFORMACIÓN GENERAL
campo de control de longitud fija t|
008 - DATOS DE LONGITUD FIJA--INFORMACIÓN GENERAL
campo de control de longitud fija 070214s1960 sp r ||||1| spa d
080 ## - NÚMERO DE LA CLASIFICACIÓN DECIMAL UNIVERSAL
Número de la Clasificación Decimal Universal 338.5
245 00 - MENCIÓN DEL TÍTULO
Título Ensayos sobre la teoría de los precios /
Mención de responsabilidad, etc. G.J. Stigler y K.E. Boulding, directores de la edición ; traducción del inglés por Josefina Culebras, José L. Barinaga y Gonzalo Platas.
260 ## - PUBLICACIÓN, DISTRIBUCIÓN, ETC.
Lugar de publicación, distribución, etc. Madrid :
Nombre del editor, distribuidor, etc. Aguilar,
Fecha de publicación, distribución, etc. 1960 (
Lugar de fabricación/manufactura Valencia :
Fabricante Tip. Artística)
300 ## - DESCRIPCIÓN FÍSICA
Extensión XV, 526 p. ;
Dimensiones 24 cm.
490 1# - MENCIÓN DE SERIE
Mención de serie Biblioteca de ciencias sociales. Sección primera: economía
650 #7 - PUNTO DE ACCESO ADICIONAL DE MATERIA--TÉRMINO DE MATERIA
Término de materia o nombre geográfico como elemento de entrada Precios
Fuente del encabezamiento o término embne
9 (RLIN) 144081
700 1# - ENTRADA AGREGADA--NOMBRE PERSONAL
Nombre de persona Stigler, George J.
9 (RLIN) 108219
700 1# - ENTRADA AGREGADA--NOMBRE PERSONAL
Nombre de persona Boulding, Kenneth E.
9 (RLIN) 30904
700 1# - ENTRADA AGREGADA--NOMBRE PERSONAL
Nombre de persona Culebras, Josefina.
9 (RLIN) 42129
700 1# - ENTRADA AGREGADA--NOMBRE PERSONAL
Nombre de persona Barinaga Blanco, José Luis.
9 (RLIN) 25652
700 1# - ENTRADA AGREGADA--NOMBRE PERSONAL
Nombre de persona Platas, Gonzalo.
9 (RLIN) 92591
830 10 - PUNTO DE ACCESO ADICIONAL DE SERIE-TÍTULO UNIFORME
Título uniforme Biblioteca de ciencias sociales (Aguilar).
Nombre de parte o sección de la obra Economía
9 (RLIN) 181705
852 4# - LOCALIZACIÓN
Ubicación ES-MaACL
Número de control de estantería C-18264
Holdings
Estatus retirado Estado de pérdida Estado de daño No para préstamo Biblioteca de origen Biblioteca actual Ubicación en estantería Fecha de adquisición Fuente de adquisición Total de préstamos Signatura topográfica completa Código de barras Visto por última vez Precio de reemplazo Tipo de ítem Koha
        Biblioteca del Ateneo de Madrid Biblioteca del Ateneo de Madrid Galería 17/01/2008     C-18264 1154535 23/02/2023 23/02/2023 Libro impreso